| 000 | 00653nam a2200205 a 4500 | ||
|---|---|---|---|
| 005 | 20140310183559.0 | ||
| 008 | 111119s19uu xx 00 eng d | ||
| 020 | _a9781412975445 | ||
| 050 |
_aLC 4031 _b.G64 2010 |
||
| 100 | _aGore, M.C. | ||
| 245 |
_aInclusion strategies secondary classrooms : _bkeys for struggling learners / _cM.C. Gore. |
||
| 250 | _a2nd ed. | ||
| 260 |
_aCalifornia : _bCorwin, _c2010. |
||
| 300 |
_a237 p. : _bcol. ill. ; _c28 cm. |
||
| 521 | _aEDU | ||
| 650 |
_aChildren with disabilities _xEducation (Secondary) _xUnited States |
||
| 650 |
_aInclusive education _xUnited States |
||
| 942 |
_cBK _2lcc _kFOR |
||
| 999 |
_c25071 _d25071 |
||